[Event "VII Festival Magistrale"]
[Site "Montecatini Terme ITA"]
[Date "1998.08.02"]
[Round "2"]
[White "Kosanski, Stanko"]
[Black "Colovic, Aleksandar"]
[Result "1/2-1/2"]
[WhiteElo "2390"]
[BlackElo "2390"]
[PlyCount "44"]
[EventDate "1998.08.01"]

1.e4 c5 2.Nf3 d6 3.d4 cxd4 4.Nxd4 Nf6 5.Nc3 a6 6.g3 e5 7.Nb3 Nbd7 8.Bg2 b5
9.a4 b4 10.Nd5 Nxd5 11.exd5 a5 12.O-O Be7 13.Be3 Ba6 14.f4 O-O 15.Rf2 Bf6 
16.Rb1 Re8 17.Qc1 exf4 18.Rxf4 Bg5 19.Re4 Rxe4 20.Bxe4 Bxe3+ 21.Qxe3 Be2 
22.Qxe2 Qf6 1/2-1/2

[Event "VII Festival Magistrale"]
[Site "Montecatini Terme ITA"]
[Date "1998.08.02"]
[Round "2"]
[White "Lazarev, Vladimir"]
[Black "Picardi, Angelo"]
[Result "1-0"]
[WhiteElo "2450"]
[BlackElo "2135"]
[PlyCount "73"]
[EventDate "1998.08.01"]

1.d4 Nf6 2.c4 c5 3.d5 b5 4.cxb5 a6 5.bxa6 g6 6.Nc3 Bxa6 7.g3 d6 8.Bg2 Bg7 
9.Nf3 Nbd7 10.O-O Nb6 11.Re1 O-O 12.Bf4 Nc4 13.Qc1 Qa5 14.Nd2 Rfb8 15.Nxc4
Bxc4 16.Bd2 Qc7 17.b3 Ba6 18.Rb1 Ra7 19.Qc2 Nd7 20.a4 Rab7 21.Na2 Nb6 22.
Bc3 Bxc3 23.Nxc3 Nd7 24.Na2 Qa5 25.Rec1 Nb6 26.e4 c4 27.b4 Qxa4 28.Qd2 Qd7
29.f4 Na4 30.e5 Nc5 31.e6 Qc7 32.exf7+ Kxf7 33.f5 Nb3 34.fxg6+ hxg6 35.
Rxb3 cxb3 36.Rxc7 Rxc7 37.Nc1 1-0

[Event "VII Festival Magistrale"]
[Site "Montecatini Terme ITA"]
[Date "1998.08.02"]
[Round "2"]
[White "Lebel, Patrick"]
[Black "Ellers, Holger"]
[Result "1/2-1/2"]
[WhiteElo "2165"]
[BlackElo "2425"]
[PlyCount "41"]
[EventDate "1998.08.01"]

1.Nf3 Nf6 2.c4 e6 3.g3 d5 4.b3 Be7 5.Bb2 O-O 6.Bg2 a5 7.Nc3 Bd7 8.cxd5 
exd5 9.Ne5 Be8 10.d4 a4 11.O-O a3 12.Bc1 h6 13.Bf4 Bb4 14.Qc2 Nc6 15.Rfd1 
Ba5 16.Rac1 Ra6 17.h3 Nb4 18.Qb1 Bb6 19.Nd3 Nxd3 20.Qxd3 c6 21.e4 1/2-1/2

[Event "VII Festival Magistrale"]
[Site "Montecatini Terme ITA"]
[Date "1998.08.02"]
[Round "2"]
[White "Leventic, Ivan"]
[Black "Zelcic, Robert"]
[Result "0-1"]
[WhiteElo "2375"]
[BlackElo "2585"]
[PlyCount "76"]
[EventDate "1998.08.01"]

1.e4 c6 2.c4 d5 3.exd5 Nf6 4.Nc3 cxd5 5.cxd5 Nxd5 6.Nf3 e6 7.Qb3 Nb6 8.a4 
Be7 9.a5 N6d7 10.d4 O-O 11.Be3 Nc6 12.Qa4 Bb4 13.a6 Nb6 14.Qc2 bxa6 15.Bd3
h6 16.O-O Bb7 17.Qc1 Na5 18.Qd1 Nac4 19.Bb1 Rc8 20.Bc1 f5 21.Ba2 Rf6 22.
Re1 Rg6 23.Qd3 Kh7 24.Bb1 Qf6 25.g3 Nd5 26.Nxd5 Bxd5 27.Rd1 a5 28.Qe2 Bd6 
29.b3 Nb6 30.Ba3 Rc3 31.Rd3 Rxd3 32.Bxd3 Bxf3 33.Qxf3 Qxd4 34.Ra2 Bxa3 35.
Rxa3 Qc3 36.Ra2 Nd5 37.Re2 Qc1+ 38.Kg2 Nf4+ 0-1

[Event "VII Festival Magistrale"]
[Site "Montecatini Terme ITA"]
[Date "1998.08.02"]
[Round "2"]
[White "Luciani, Valerio"]
[Black "Tratar, Marko"]
[Result "0-1"]
[WhiteElo "2230"]
[BlackElo "2450"]
[PlyCount "26"]
[EventDate "1998.08.01"]

1.d4 Nf6 2.Nf3 g6 3.Bg5 Bg7 4.Nbd2 O-O 5.e4 d5 6.Bxf6 Bxf6 7.e5 Bg7 8.Bd3 
c5 9.dxc5 Nc6 10.Qe2 Qc7 11.Nb3 Bg4 12.Qe3 Bxf3 13.Qxf3 Qxe5+ 0-1

[Event "VII Festival Magistrale"]
[Site "Montecatini Terme ITA"]
[Date "1998.08.02"]
[Round "2"]
[White "Malakhov, Vladimir"]
[Black "Genocchio, Daniele"]
[Result "1-0"]
[WhiteElo "2550"]
[BlackElo "2195"]
[PlyCount "57"]
[EventDate "1998.08.01"]

1.e4 c5 2.Nf3 d6 3.d4 cxd4 4.Nxd4 Nf6 5.Nc3 g6 6.g3 Nc6 7.Nde2 Bg7 8.Bg2 
O-O 9.O-O Rb8 10.h3 b5 11.Be3 Re8 12.f4 Qc7 13.a3 e6 14.Nd4 Nxd4 15.Bxd4 
e5 16.Be3 Be6 17.Rf2 a5 18.Rd2 b4 19.axb4 axb4 20.Ra7 Qc8 21.Na4 Bxh3 22.
Rxd6 Bxg2 23.Kxg2 Nxe4 24.Nb6 Qf5 25.g4 Nxd6 26.gxf5 Nxf5 27.Bc5 exf4 28.
Qd7 Re2+ 29.Kh3 1-0

[Event "VII Festival Magistrale"]
[Site "Montecatini Terme ITA"]
[Date "1998.08.02"]
[Round "2"]
[White "Manca, Federico"]
[Black "Lanzani, Mario"]
[Result "1/2-1/2"]
[WhiteElo "2380"]
[BlackElo "2395"]
[PlyCount "52"]
[EventDate "1998.08.01"]

1.e4 c6 2.d4 d5 3.Nd2 dxe4 4.Nxe4 Bf5 5.Ng3 Bg6 6.Nf3 Nd7 7.h4 h6 8.h5 Bh7
9.Bd3 Bxd3 10.Qxd3 e6 11.Bd2 Ngf6 12.O-O-O Be7 13.Qe2 O-O 14.Ne5 a5 15.Ng6
fxg6 16.hxg6 e5 17.Nf5 Nd5 18.Nxg7 Kxg7 19.Bxh6+ Kxg6 20.Qh5+ Kf6 21.dxe5+
Nxe5 22.Bg7+ Kxg7 23.Qh7+ Kf6 24.Rh6+ Kg5 25.Qg7+ Kf5 26.Qh7+ Kg5 1/2-1/2

[Event "VII Festival Magistrale"]
[Site "Montecatini Terme ITA"]
[Date "1998.08.02"]
[Round "2"]
[White "Mariano, Elia"]
[Black "Maric, Alisa"]
[Result "0-1"]
[WhiteElo "2250"]
[BlackElo "2480"]
[PlyCount "113"]
[EventDate "1998.08.01"]

1.d4 Nf6 2.c4 e6 3.Nc3 Bb4 4.Qc2 d6 5.Bg5 Nbd7 6.a3 Bxc3+ 7.Qxc3 O-O 8.Nf3
b6 9.e3 Bb7 10.Bd3 c5 11.O-O Rc8 12.dxc5 Nxc5 13.b4 Nce4 14.Bxe4 Nxe4 15.
Bxd8 Nxc3 16.Be7 Rfe8 17.Bxd6 Rxc4 18.h3 f6 19.Bg3 e5 20.Kh2 Bxf3 21.gxf3 
f5 22.Rac1 g5 23.f4 gxf4 24.exf4 e4 25.Rc2 b5 26.Bh4 Kf7 27.Rd2 Ke6 28.Rg1
Rc7 29.Rg5 Nd5 30.Rh5 Rg8 31.Rxd5 Kxd5 32.Rxf5+ Kc4 33.Re5 Kd3 34.Rxb5 
Rcg7 35.Rg5 Rxg5 36.Bxg5 Ke2 37.Bh4 Kf3 38.f5 Kf4 39.f6 Kf5 40.a4 Kg6 41.
Bg3 Kxf6 42.Bd6 Ke6 43.Bc5 a6 44.b5 axb5 45.axb5 Rg5 46.Be3 Rxb5 47.Kg3 
Kf5 48.Kg2 Rb8 49.f3 Rg8+ 50.Kf2 Kg6 51.fxe4 Kh5 52.Kf3 Kh4 53.e5 Kxh3 54.
Kf4 Kh4 55.e6 Kh5 56.Kf5 Rf8+ 57.Ke5 0-1

[Event "VII Festival Magistrale"]
[Site "Montecatini Terme ITA"]
[Date "1998.08.02"]
[Round "2"]
[White "Martinez Martin, David"]
[Black "Barlov, Dragan"]
[Result "1-0"]
[WhiteElo "2285"]
[BlackElo "2495"]
[PlyCount "71"]
[EventDate "1998.08.01"]

1.d4 d6 2.c4 e5 3.Nf3 Nd7 4.Nc3 Ngf6 5.g3 Be7 6.Bg2 O-O 7.O-O c6 8.e4 Re8 
9.h3 Bf8 10.Re1 a6 11.Be3 b5 12.cxb5 cxb5 13.a4 Bb7 14.d5 Rc8 15.Qb3 Rxc3 
16.Qxc3 Nxe4 17.Qd3 Nef6 18.Ng5 Qa8 19.Red1 h6 20.Ne4 Nxe4 21.Bxe4 Nf6 22.
f3 Rc8 23.Rac1 Rxc1 24.Bxc1 Be7 25.Be3 Bd8 26.Kg2 Nd7 27.Qd2 Nf6 28.g4 Kf8
29.Kg3 Nd7 30.h4 Nb6 31.Bxb6 Bxb6 32.g5 hxg5 33.hxg5 g6 34.Rh1 Ke7 35.Rh7 
Bd4 36.Qc2 1-0

[Event "VII Festival Magistrale"]
[Site "Montecatini Terme ITA"]
[Date "1998.08.02"]
[Round "2"]
[White "Martorelli, Antonio"]
[Black "Loncar, Robert"]
[Result "0-1"]
[WhiteElo "2380"]
[BlackElo "2410"]
[PlyCount "54"]
[EventDate "1998.08.01"]

1.e4 e5 2.Nf3 Nc6 3.d4 exd4 4.c3 d5 5.exd5 Qxd5 6.cxd4 Nf6 7.Nc3 Bb4 8.Bd2
Bxc3 9.bxc3 O-O 10.Be2 Re8 11.O-O Bg4 12.h3 Bh5 13.Rb1 Rab8 14.c4 Qe6 15.
Be3 Bxf3 16.Bxf3 Qxc4 17.Qb3 Qxb3 18.Rxb3 Na5 19.Rb5 b6 20.Bf4 Rbd8 21.
Bxc7 Rxd4 22.Be5 Rd3 23.Bxf6 gxf6 24.Rc1 Rd7 25.Rf5 Kg7 26.Rf4 Re5 27.Rc3 
Nb7 0-1

[Event "VII Festival Magistrale"]
[Site "Montecatini Terme ITA"]
[Date "1998.08.02"]
[Round "2"]
[White "Naumkin, Igor"]
[Black "Friedrich, Norbert"]
[Result "1/2-1/2"]
[WhiteElo "2475"]
[BlackElo "2295"]
[PlyCount "31"]
[EventDate "1998.08.01"]

1.d4 d5 2.c4 c6 3.Nc3 Nf6 4.Nf3 a6 5.a4 e6 6.Bg5 Nbd7 7.e3 Qa5 8.Nd2 Bb4 
9.Qc2 c5 10.Be2 cxd4 11.exd4 dxc4 12.Bxf6 Nxf6 13.Nxc4 Qc7 14.O-O O-O 15.
Qb3 Bd6 16.g3 1/2-1/2

[Event "VII Festival Magistrale"]
[Site "Montecatini Terme ITA"]
[Date "1998.08.02"]
[Round "2"]
[White "Ovsejevitsch, Sergei"]
[Black "Drei, Andrea"]
[Result "1-0"]
[WhiteElo "2500"]
[BlackElo "2340"]
[PlyCount "83"]
[EventDate "1998.08.01"]

1.d4 Nf6 2.c4 e6 3.Nf3 b6 4.g3 Bb7 5.Bg2 Be7 6.Nc3 Ne4 7.Bd2 f5 8.O-O O-O 
9.Qc2 Nxc3 10.Bxc3 Be4 11.Qd2 Bf6 12.Rad1 d6 13.Ne1 Bxg2 14.Nxg2 Nd7 15.
Rfe1 Re8 16.e4 Nf8 17.b3 Qd7 18.Qc2 fxe4 19.Rxe4 d5 20.Re2 dxc4 21.bxc4 
Rad8 22.Nf4 c5 23.d5 Bxc3 24.Qxc3 exd5 25.Rxd5 Qf7 26.Rxd8 Rxd8 27.Re4 Re8
28.Qe3 Rxe4 29.Qxe4 Qd7 30.Kg2 g5 31.Nd5 Qe6 32.Qf3 Nd7 33.h3 Kg7 34.a4 
Nf6 35.Nxf6 Qxf6 36.Qxf6+ Kxf6 37.f4 gxf4 38.gxf4 Kf5 39.Kf3 Kf6 40.Ke4 
Ke6 41.f5+ Kd6 42.Kf4 1-0

[Event "VII Festival Magistrale"]
[Site "Montecatini Terme ITA"]
[Date "1998.08.02"]
[Round "2"]
[White "Rotstein, Arkadij"]
[Black "Brumen, Dinko"]
[Result "1-0"]
[WhiteElo "2515"]
[BlackElo "2355"]
[PlyCount "81"]
[EventDate "1998.08.01"]

1.Nf3 d5 2.c4 e6 3.d4 Nf6 4.Bg5 Nbd7 5.e3 c6 6.Nbd2 Be7 7.Bd3 O-O 8.O-O 
Re8 9.a3 Nf8 10.Ne5 N6d7 11.Bxe7 Rxe7 12.f4 Nxe5 13.fxe5 c5 14.Rf4 Ng6 15.
Bxg6 hxg6 16.Qg4 cxd4 17.exd4 dxc4 18.Nxc4 Rd7 19.h4 b5 20.Ne3 Bb7 21.Raf1
Rc8 22.Kh2 a5 23.Qd1 Qb6 24.h5 g5 25.Rg4 Qd8 26.Qd2 Rcc7 27.Qxa5 Ba8 28.
Qd2 Ra7 29.Nc2 Rac7 30.Rf2 f5 31.exf6 gxf6 32.Rg3 Rh7 33.Qe2 Qe8 34.Rh3 
Qf7 35.Ne3 f5 36.Qxb5 Be4 37.Ng4 Re7 38.Qc5 Rc7 39.Qd6 Kg7 40.h6+ Kh8 41.
Qd8+ 1-0

[Event "VII Festival Magistrale"]
[Site "Montecatini Terme ITA"]
[Date "1998.08.02"]
[Round "2"]
[White "Sax, Gyula"]
[Black "Sarno, Spartaco"]
[Result "1/2-1/2"]
[WhiteElo "2525"]
[BlackElo "2365"]
[PlyCount "109"]
[EventDate "1998.08.01"]

1.e4 d6 2.d4 Nf6 3.Nc3 g6 4.Bg5 Bg7 5.Qd2 O-O 6.f4 c6 7.Nf3 b5 8.Bd3 Bg4 
9.Rf1 Nbd7 10.f5 b4 11.Ne2 d5 12.exd5 cxd5 13.fxg6 hxg6 14.Qxb4 Rb8 15.Qa3
Bxf3 16.gxf3 e5 17.O-O-O Re8 18.Bd2 Qc7 19.Ba5 Qb7 20.Bc3 e4 21.fxe4 Nxe4 
22.Bxe4 Rxe4 23.Ng3 Bh6+ 24.Bd2 Bf8 25.Qb3 Rxd4 26.Qxb7 Rxb7 27.Be3 Rh4 
28.Rf2 Ne5 29.Rxd5 Nc4 30.Bg5 Rg4 31.b3 Nb6 32.Rb5 a6 33.Ra5 Bb4 34.Re5 
Nd7 35.Re8+ Kg7 36.Be3 Nf6 37.Rd8 Ba3+ 38.Kd1 Be7 39.Rd4 Rd7 40.Rxd7 Nxd7 
41.c3 f5 42.Rd2 Nf6 43.Rd4 Kf7 44.Ke2 Ke6 45.Kf3 Nd5 46.Rd3 Rh4 47.c4 Nxe3
48.Rxe3+ Kf6 49.Re2 Rd4 50.Nf1 g5 51.h3 Bc5 52.Rd2 g4+ 53.hxg4 fxg4+ 54.
Kg3 Bd6+ 55.Kf2 1/2-1/2

[Event "VII Festival Magistrale"]
[Site "Montecatini Terme ITA"]
[Date "1998.08.02"]
[Round "2"]
[White "Tatai, Stefano"]
[Black "Collareta, Giovanni"]
[Result "1-0"]
[WhiteElo "2395"]
[BlackElo "2170"]
[PlyCount "84"]
[EventDate "1998.08.01"]

1.e4 c5 2.Nf3 e6 3.d4 cxd4 4.Nxd4 Nf6 5.Nc3 d6 6.g4 a6 7.g5 Nfd7 8.f4 Nc6 
9.Be3 Be7 10.h4 h6 11.Rg1 hxg5 12.hxg5 Qc7 13.Qd2 b5 14.O-O-O b4 15.Nce2 
Nc5 16.Bg2 Na5 17.Qxb4 Rb8 18.Qc3 Rh2 19.b4 Qb7 20.bxc5 Qb1+ 21.Kd2 Qxa2 
22.Nc1 Nc4+ 23.Kd3 Nb2+ 24.Kd2 Nxd1 25.Nxa2 Nxc3 26.Nxc3 dxc5 27.Nc6 Rb7 
28.Nxe7 Rxe7 29.Bxc5 Rd7+ 30.Ke3 Bb7 31.Bd4 g6 32.Be5 Bc6 33.Ne2 Rb7 34.
Nd4 Bd7 35.Nf3 Rh5 36.Bf6 a5 37.Ra1 a4 38.Ne5 Rh2 39.Kf3 Rc7 40.Kg3 Rh5 
41.Bf3 Rxc2 42.Bxh5 gxh5 1-0

[Event "VII Festival Magistrale"]
[Site "Montecatini Terme ITA"]
[Date "1998.08.02"]
[Round "2"]
[White "Vallejo Pons, Francisco"]
[Black "Scavo, Fernando"]
[Result "1-0"]
[WhiteElo "2450"]
[BlackElo "2290"]
[PlyCount "87"]
[EventDate "1998.08.01"]

1.e4 e6 2.d4 d5 3.Nc3 Bb4 4.e5 c5 5.a3 Bxc3+ 6.bxc3 Ne7 7.Qg4 Kf8 8.a4 Qc7
9.Qd1 b6 10.Nf3 h6 11.a5 bxa5 12.Be2 Ba6 13.O-O Bxe2 14.Qxe2 g6 15.Ba3 Nd7
16.Ne1 Kg7 17.Nd3 c4 18.Nf4 Nc8 19.Qg4 Qd8 20.h4 h5 21.Qh3 Ne7 22.Qxe6 
fxe6 23.Nxe6+ Kf7 24.Nxd8+ Rhxd8 25.e6+ Kf6 26.exd7 Nc6 27.Rfe1 Rxd7 28.
Re3 Kf7 29.Rae1 Rb8 30.Rf3+ Kg7 31.Re6 Nd8 32.Ra6 Rb6 33.Rxa5 Nc6 34.Ra4 
a5 35.Bf8+ Kg8 36.Bc5 Rb1+ 37.Kh2 Kg7 38.Bf8+ Kg8 39.Rf6 Rf7 40.Rxc6 Kxf8 
41.Rxa5 Rxf2 42.Rxd5 Rxc2 43.Rd7 Ke8 44.Rh7 1-0

[Event "VII Festival Magistrale"]
[Site "Montecatini Terme ITA"]
[Date "1998.08.02"]
[Round "2"]
[White "Van der Werf, Mark"]
[Black "Safranska, Anda"]
[Result "1/2-1/2"]
[WhiteElo "2415"]
[BlackElo "2275"]
[PlyCount "101"]
[EventDate "1998.08.01"]

1.e4 Nf6 2.Nc3 e5 3.Nf3 Nc6 4.d4 exd4 5.Nxd4 Bb4 6.Nxc6 bxc6 7.Bd3 O-O 8.
O-O d5 9.exd5 cxd5 10.Bg5 c6 11.Ne2 h6 12.Bh4 Be7 13.Nd4 Bd7 14.c3 Re8 15.
Re1 Ne4 16.Bxe7 Rxe7 17.f3 Nc5 18.Bc2 Rxe1+ 19.Qxe1 Ne6 20.Qd2 Qf6 21.Nxe6
Bxe6 22.Qd4 Qxd4+ 23.cxd4 Rb8 24.b3 Kf8 25.Kf2 Ke7 26.Bd3 Kd6 27.Rc1 a5 
28.Ke3 Rb4 29.Rc5 a4 30.Bc2 axb3 31.Bxb3 Bf5 32.Ra5 Rb7 33.Ra8 f6 34.Kd2 
Bg6 35.Rg8 Bh7 36.Rd8+ Kc7 37.Ra8 Kd6 38.Ra5 Bf5 39.Rc5 Rb6 40.h4 Rb8 41.
Ra5 Rb7 42.Ra8 h5 43.Rd8+ Kc7 44.Rh8 Bg6 45.Kc3 Kb6 46.Ra8 Re7 47.Kb4 Bd3 
48.Rb8+ Kc7 49.Rg8 Kd6 50.Rd8+ Kc7 51.Rg8 1/2-1/2

[Event "VII Festival Magistrale"]
[Site "Montecatini Terme ITA"]
[Date "1998.08.02"]
[Round "2"]
[White "Vita, Fabrizio"]
[Black "De Santis, Alessio"]
[Result "1-0"]
[WhiteElo "2135"]
[BlackElo "2350"]
[PlyCount "89"]
[EventDate "1998.08.01"]

1.c4 e5 2.g3 c5 3.Bg2 Nc6 4.Nc3 d6 5.e3 f5 6.Nge2 Be6 7.b3 Nge7 8.d4 Bf7 
9.O-O h5 10.h4 a6 11.Bb2 Rg8 12.dxc5 dxc5 13.Qxd8+ Rxd8 14.Rfd1 e4 15.f3 
exf3 16.Bxf3 g5 17.hxg5 Bg7 18.Nf4 Be5 19.Na4 Rxd1+ 20.Rxd1 Bxb2 21.Nxb2 
Rxg5 22.Kf2 b5 23.cxb5 axb5 24.Rc1 c4 25.bxc4 bxc4 26.Nxc4 Bxc4 27.Rxc4 
Ne5 28.Rc1 N7g6 29.Rh1 Nxf3 30.Kxf3 Ne5+ 31.Kg2 Ng4 32.Rxh5 Nxe3+ 33.Kf3 
Rxh5 34.Nxh5 Nf1 35.Ng7+ Kf7 36.Nxf5 Ke6 37.g4 Nh2+ 38.Kf4 Nf1 39.g5 Nd2 
40.g6 Nb1 41.g7 Kf7 42.a4 Nc3 43.a5 Nd5+ 44.Kg5 Nc7 45.Kh6 1-0

[Event "VII Festival Magistrale"]
[Site "Montecatini Terme ITA"]
[Date "1998.08.03"]
[Round "3"]
[White "Belotti, Bruno"]
[Black "Gorelli Fagiolini, Marco"]
[Result "1-0"]
[WhiteElo "2430"]
[BlackElo "2235"]
[PlyCount "88"]
[EventDate "1998.08.01"]

1.e4 e6 2.d3 d5 3.Nd2 Nf6 4.Ngf3 dxe4 5.dxe4 Bc5 6.Bd3 e5 7.O-O Qe7 8.b3 
Nc6 9.Bb2 O-O 10.Nc4 Nd7 11.Qe2 f6 12.c3 a6 13.b4 Ba7 14.a4 Nd8 15.Nh4 g6 
16.g3 Nf7 17.Kh1 Re8 18.Ne3 c6 19.Ba3 a5 20.Bc4 Kh8 21.Nef5 gxf5 22.Qh5 
Nf8 23.bxa5 c5 24.Bxf7 Rd8 25.exf5 Kg7 26.Bc4 Bd7 27.Qg4+ Ng6 28.Nxg6 hxg6
29.Qxg6+ Kh8 30.Bf7 Bc6+ 31.Kg1 Qf8 32.Qh5+ Kg7 33.Be6 Be8 34.Qh4 Qh8 35.
Qg4+ Kf8 36.Qc4 Qg7 37.Bxc5+ Bxc5 38.Qxc5+ Qe7 39.Qb4 Bc6 40.Rad1 Rxd1 41.
Rxd1 Qxb4 42.cxb4 Ke7 43.b5 Be8 44.Rc1 Kd6 1-0

[Event "VII Festival Magistrale"]
[Site "Montecatini Terme ITA"]
[Date "1998.08.03"]
[Round "3"]
[White "Dorin, Mauricio"]
[Black "De Kleuver, Esther"]
[Result "1-0"]
[WhiteElo "2360"]
[BlackElo "2220"]
[PlyCount "137"]
[EventDate "1998.08.01"]

1.e4 c5 2.Nf3 e6 3.d3 d5 4.Nbd2 Nc6 5.g3 Bd6 6.Bg2 Nge7 7.O-O O-O 8.Re1 
Bc7 9.c3 b6 10.e5 Nf5 11.Nf1 f6 12.exf6 Qxf6 13.Ne3 Nxe3 14.Bxe3 e5 15.Qa4
Bd7 16.Qh4 Qd6 17.d4 Bd8 18.dxc5 bxc5 19.Qa4 e4 20.Nd2 Ne5 21.Qa3 Nd3 22.
c4 Bb6 23.cxd5 Nxe1 24.Rxe1 Bf5 25.Nxe4 Bxe4 26.Bxe4 Rae8 27.Qa4 Qf6 28.
Qc4 Kh8 29.Re2 Rd8 30.h4 Rfe8 31.Kg2 h6 32.f3 Rf8 33.b3 Rfe8 34.Bd2 Qd4 
35.Bc3 Qxc4 36.bxc4 Rf8 37.g4 Bc7 38.g5 hxg5 39.hxg5 Bf4 40.g6 Rfe8 41.Kh3
Be5 42.Bxe5 Rxe5 43.Kg4 Kg8 44.Rb2 Kf8 45.Bf5 Re7 46.Be6 Rd6 47.Kf5 Rb6 
48.Rd2 Rd6 49.Rh2 Re8 50.Rh8+ Ke7 51.Rh7 Kf8 52.Ke5 Red8 53.f4 Ra6 54.f5 
Rxa2 55.Ke4 Rf2 56.Rh1 Ke7 57.Ra1 Ra8 58.Ra6 Rd2 59.Ke5 Re2+ 60.Kf4 Rd2 
61.Rc6 Kf6 62.Bc8+ Ke7 63.Rc7+ Kf8 64.Be6 Rb8 65.Rf7+ Ke8 66.Rxg7 Rb3 67.
Ke5 Re2+ 68.Kf6 Kd8 69.d6 1-0

[Event "VII Festival Magistrale"]
[Site "Montecatini Terme ITA"]
[Date "1998.08.03"]
[Round "3"]
[White "Drasko, Milan"]
[Black "Khmelnitsky, Sergei"]
[Result "1/2-1/2"]
[WhiteElo "2515"]
[BlackElo "2395"]
[PlyCount "52"]
[EventDate "1998.08.01"]

1.Nf3 Nf6 2.c4 g6 3.d4 Bg7 4.g3 O-O 5.Bg2 d6 6.O-O Nbd7 7.Qc2 e5 8.Rd1 Re8
9.Nc3 c6 10.e4 exd4 11.Nxd4 Qe7 12.b3 a5 13.Rb1 Nc5 14.f3 Bd7 15.a3 Rad8 
16.Be3 Bc8 17.b4 axb4 18.axb4 Ne6 19.Nb3 h5 20.Bb6 Rd7 21.Re1 h4 22.f4 
hxg3 23.hxg3 Nh5 24.Ne2 g5 25.Bf3 Nf6 26.Ned4 Nxd4 1/2-1/2

[Event "VII Festival Magistrale"]
[Site "Montecatini Terme ITA"]
[Date "1998.08.03"]
[Round "3"]
[White "Efimov, Igor"]
[Black "Manca, Federico"]
[Result "1/2-1/2"]
[WhiteElo "2530"]
[BlackElo "2380"]
[PlyCount "63"]
[EventDate "1998.08.01"]

1.d4 Nf6 2.c4 g6 3.Nc3 Bg7 4.Nf3 d6 5.h3 O-O 6.e4 e5 7.d5 a5 8.g4 Na6 9.
Bd3 Nc5 10.Bc2 c6 11.Be3 cxd5 12.cxd5 Bd7 13.Nxe5 Nfxe4 14.Nxe4 Bxe5 15.
Nxc5 dxc5 16.Bxc5 Re8 17.Kf1 Rc8 18.Be3 Bxb2 19.Rb1 Bb5+ 20.Kg1 Rxe3 21.
fxe3 Qc7 22.Rh2 Qg3+ 23.Rg2 Qxe3+ 24.Kh1 Be5 25.Rxb5 Qxh3+ 26.Kg1 Qe3+ 27.
Kf1 Rc4 28.Qe1 Qh6 29.Be4 Qh1+ 30.Kf2 Qh4+ 31.Kf1 Qh1+ 32.Kf2 1/2-1/2

[Event "VII Festival Magistrale"]
[Site "Montecatini Terme ITA"]
[Date "1998.08.03"]
[Round "3"]
[White "Ellers, Holger"]
[Black "Pantaleoni, Claudio"]
[Result "1-0"]
[WhiteElo "2425"]
[BlackElo "2220"]
[PlyCount "61"]
[EventDate "1998.08.01"]

1.d4 d5 2.c4 e6 3.Nf3 Nf6 4.Bg5 Be7 5.Nc3 O-O 6.e3 Nbd7 7.Qc2 c5 8.Rd1 
cxd4 9.Nxd4 Nb6 10.Be2 Bd7 11.Bxf6 Bxf6 12.cxd5 exd5 13.O-O Qe7 14.Qb3 Be6
15.Bf3 Rfd8 16.Nce2 Nc4 17.Nf4 Rac8 18.Ndxe6 fxe6 19.Bg4 Rc6 20.e4 Nb6 21.
Qh3 Re8 22.Rfe1 dxe4 23.Qb3 Qf7 24.Nh5 e5 25.Nxf6+ Rxf6 26.Qxf7+ Kxf7 27.
Rxe4 Rf4 28.Bf3 Rxe4 29.Bxe4 g6 30.Bxb7 Nc4 31.Bd5+ 1-0

[Event "VII Festival Magistrale"]
[Site "Montecatini Terme ITA"]
[Date "1998.08.03"]
[Round "3"]
[White "Godena, Michele"]
[Black "Guido, Flavio"]
[Result "1-0"]
[WhiteElo "2510"]
[BlackElo "2355"]
[PlyCount "83"]
[EventDate "1998.08.01"]

1.e4 c5 2.c3 Nf6 3.e5 Nd5 4.Nf3 e6 5.d4 cxd4 6.cxd4 d6 7.Bc4 Nc6 8.O-O Be7
9.Qe2 O-O 10.Qe4 dxe5 11.dxe5 Qc7 12.Bd3 g6 13.Bh6 Rd8 14.Nbd2 Bd7 15.Rac1
Be8 16.a3 Nb6 17.Bb1 Qd7 18.Rfe1 Nd4 19.Nxd4 Qxd4 20.Qxb7 Bf8 21.Bxf8 Kxf8
22.Rc2 Nd5 23.Qa6 Nb6 24.Nf3 Qd5 25.Rc3 Bb5 26.Qa5 Qd7 27.Qb4+ Kg8 28.Qh4 
Rac8 29.Ng5 h5 30.Rxc8 Rxc8 31.Ne4 Nd5 32.Ba2 Qc7 33.Bxd5 exd5 34.Nf6+ Kg7
35.Nxd5 Qxe5 36.Ne3 Bc6 37.Qb4 Ba8 38.Qd2 Rc7 39.b4 f5 40.h3 Qe4 41.Qd6 
Re7 42.Nxf5+ 1-0

[Event "VII Festival Magistrale"]
[Site "Montecatini Terme ITA"]
[Date "1998.08.03"]
[Round "3"]
[White "Greenfeld, Alon"]
[Black "Luciani, Valerio"]
[Result "1-0"]
[WhiteElo "2535"]
[BlackElo "2230"]
[PlyCount "69"]
[EventDate "1998.08.01"]

1.Nf3 d6 2.d4 f5 3.g3 g6 4.Bg2 Bg7 5.O-O Nf6 6.c4 O-O 7.Nc3 c6 8.d5 Qe8 9.
Rb1 Na6 10.b4 Bd7 11.dxc6 bxc6 12.Qb3 Kh8 13.Rd1 h6 14.c5 Ne4 15.Bb2 Naxc5
16.bxc5 Rb8 17.Qc2 Rxb2 18.Rxb2 Nxc3 19.Rd3 Ne4 20.cxd6 exd6 21.Rb7 a6 22.
Nh4 Nc5 23.Qxc5 dxc5 24.Rdxd7 Rg8 25.Re7 Qd8 26.Rbd7 Qb6 27.Nxg6+ Kh7 28.
Nf8+ Kh8 29.Ng6+ Kh7 30.Nf8+ Kh8 31.Ne6 Qb1+ 32.Bf1 Qa1 33.Nxg7 Rxg7 34.
Rxg7 c4 35.Rge7 1-0

[Event "VII Festival Magistrale"]
[Site "Montecatini Terme ITA"]
[Date "1998.08.03"]
[Round "3"]
[White "Krupkova, Petra"]
[Black "Sax, Gyula"]
[Result "1-0"]
[WhiteElo "2315"]
[BlackElo "2525"]
[PlyCount "117"]
[EventDate "1998.08.01"]

1.e4 c5 2.c3 Nf6 3.e5 Nd5 4.d4 cxd4 5.Nf3 e6 6.cxd4 b6 7.Nc3 Nxc3 8.bxc3 
Qc7 9.Bd2 Bb7 10.Bd3 d6 11.O-O Nd7 12.Ng5 dxe5 13.Qh5 g6 14.Qh3 Be7 15.
Rfe1 Bxg5 16.Bxg5 f5 17.Qh6 Kf7 18.Bb5 Rac8 19.Rad1 Bc6 20.Bxc6 Qxc6 21.
dxe5 Rc7 22.Qh4 Qc5 23.Bf6 Qf8 24.Bxh8 Qxh8 25.f4 b5 26.Rd6 h5 27.Rc1 Qe8 
28.h3 Qe7 29.Qxe7+ Kxe7 30.Rb1 g5 31.Rxb5 gxf4 32.Rd4 Nb6 33.Rxf4 Rxc3 34.
Ra5 Rc7 35.Rh4 Nc4 36.Ra6 Nxe5 37.Rxh5 Kf6 38.Rh6+ Ng6 39.h4 Kg7 40.Rh5 
Kf6 41.a4 Nf4 42.Rg5 Ng6 43.g3 Ne5 44.Rg8 Rc1+ 45.Kf2 Rc2+ 46.Ke3 Ng4+ 47.
Kd4 Rd2+ 48.Kc5 Rc2+ 49.Kd6 Rd2+ 50.Kc7 Kf7 51.Rd8 Rc2+ 52.Rc6 Ra2 53.Rd7+
Kf6 54.Rdd6 Rxa4 55.Rxe6+ Kf7 56.Red6 f4 57.Rd7+ Ke8 58.Kc8 Re4 59.Rcc7 
1-0

[Event "VII Festival Magistrale"]
[Site "Montecatini Terme ITA"]
[Date "1998.08.03"]
[Round "3"]
[White "Laketic, Gojko"]
[Black "Malakhov, Vladimir"]
[Result "0-1"]
[WhiteElo "2390"]
[BlackElo "2550"]
[PlyCount "96"]
[EventDate "1998.08.01"]

1.d4 d5 2.c4 e6 3.Nf3 c6 4.Bg5 f6 5.Bd2 dxc4 6.e3 b5 7.a4 Bd7 8.b3 cxb3 9.
Qxb3 a6 10.Nc3 b4 11.Ne4 a5 12.Bc4 Qc8 13.O-O Na6 14.Rac1 Nc7 15.Ne1 Nh6 
16.Nd3 Nf7 17.Nec5 Bd6 18.e4 O-O 19.f4 Kh8 20.f5 Nd8 21.Bf4 Bxc5 22.Nxc5 
exf5 23.Bd6 Re8 24.Bf7 Nxf7 25.Qxf7 Ne6 26.e5 Nxc5 27.exf6 Ne6 28.d5 Rg8 
29.dxe6 Bxe6 30.Qe7 Qe8 31.fxg7+ Rxg7 32.Qxe8+ Rxe8 33.Be5 Bd5 34.Bxg7+ 
Kxg7 35.Rxf5 b3 36.Rxd5 cxd5 37.Rc7+ Kf6 38.Rb7 Re4 39.Rxb3 Rxa4 40.Rh3 
Ra1+ 41.Kf2 a4 42.Rh6+ Ke5 43.Rxh7 a3 44.Ra7 a2 45.h4 d4 46.h5 d3 47.h6 d2
48.h7 Rh1 0-1

[Event "VII Festival Magistrale"]
[Site "Montecatini Terme ITA"]
[Date "1998.08.03"]
[Round "3"]
[White "Lanzani, Mario"]
[Black "Baccaro, Franco"]
[Result "1-0"]
[WhiteElo "2395"]
[BlackElo "2215"]
[PlyCount "63"]
[EventDate "1998.08.01"]

1.e4 e6 2.d4 d5 3.Nc3 Nf6 4.Bg5 Bb4 5.e5 h6 6.Bd2 Bxc3 7.bxc3 Ne4 8.Qg4 
Kf8 9.h4 c5 10.Bd3 Nxd2 11.Kxd2 c4 12.Be2 Nc6 13.Qf4 Bd7 14.g4 Ke7 15.Nf3 
Be8 16.h5 Kd7 17.Qe3 Rc8 18.Nh4 Kc7 19.f4 Kb8 20.f5 Rc7 21.Raf1 Qe7 22.f6 
gxf6 23.Rxf6 Qa3 24.Rxh6 Rxh6 25.Qxh6 Nxd4 26.cxd4 Qb4+ 27.Ke3 Qc3+ 28.Kf2
Qxc2 29.Qc1 Qe4 30.Nf3 f5 31.exf6 Qxg4 32.Qg5 1-0

[Event "VII Festival Magistrale"]
[Site "Montecatini Terme ITA"]
[Date "1998.08.03"]
[Round "3"]
[White "Loncar, Robert"]
[Black "Badea, Bela"]
[Result "1/2-1/2"]
[WhiteElo "2410"]
[BlackElo "2530"]
[PlyCount "30"]
[EventDate "1998.08.01"]

1.Nf3 g6 2.d4 Bg7 3.c4 d6 4.Nc3 Nd7 5.Bg5 Ngf6 6.e3 O-O 7.Qc2 c6 8.Be2 a6 
9.O-O b5 10.a3 Bb7 11.Rfd1 bxc4 12.Bxc4 c5 13.Be2 cxd4 14.Nxd4 Qc7 15.Bf3 
Bxf3 1/2-1/2